| 000 | 00861cam a2200253 a 4500 | ||
|---|---|---|---|
| 999 |
_c494 _d494 |
||
| 001 | 1805 | ||
| 003 | BD-DhUAP | ||
| 005 | 20200123091821.0 | ||
| 008 | 200123s1984 njua b 001 0 eng | ||
| 020 | _a0137326521 | ||
| 040 |
_aDLC _cDLC _dnju _bEng |
||
| 082 | 0 | 0 |
_223 _a150.287 GRA |
| 100 | _aGraham, John R. | ||
| 245 | 0 | 0 |
_aPsychological testing / _cJohn R. Graham and Roy S. Lilly. |
| 260 |
_aEnglewood Cliffs, N.J. : _bPrentice-Hall, _cc1984. |
||
| 300 |
_a xii, 433 pages : _billustrations ; _c24 cm. |
||
| 504 | _aIncludes bibliographical references and index. | ||
| 650 | _a Psychological tests. | ||
| 650 | _aPersonality tests. | ||
| 650 | _aPersonality assessment. | ||
| 700 | _aLilly, Roy S. | ||
| 942 |
_2ddc _cBK |
||